Kočová, Kateřina. Mimořádný lidový soud v Liberci a Litoměřicích v letech 1945 - 1948. - Ústí nad Labem : Univerzita Jana Evangelisty Purkyně, Pedagogická fakulta. - 2001 [Rezension]
| Titel: | Kočová, Kateřina. Mimořádný lidový soud v Liberci a Litoměřicích v letech 1945 - 1948. - Ústí nad Labem : Univerzita Jana Evangelisty Purkyně, Pedagogická fakulta. - 2001 [Rezension] |
|---|---|
| Verfasser: | |
| In: |
Fontes Nissae, Band 2 (2001), Seite 224-225 alle Artikel anzeigen |
| Veröffentlicht: | 2001 |
| Format: | Aufsatz |
| Sprache: | Tschechisch |
X
alg: 39517175 001A $01999:12-11-16 001B $01999:09-08-21 $t17:41:56.000 001C $06050:14-11-16 $t07:18:43.000 001D $01999:12-11-16 001U $0utf8 001X $00 002@ $0Aox 003@ $039517175X 007A $039517175X $aHEB 007T $0Herdp26567 010@ $acze 011@ $a2001 021A $aKočová, Kateřina. Mimořádný lidový soud v Liberci a Litoměřicích v letech 1945 - 1948. - Ústí nad Labem : Univerzita Jana Evangelisty Purkyně, Pedagogická fakulta. - 2001 [Rezension] 028A $#Kvaček, R. $7120903393 $8Kvaček, Robert$Z1932- [Tp1] $9088002624 031A $d2 $h224-225 $j2001 039B $aIn $8--Abvc--. Fontes Nissae. - Liberec, 2000-. - ISSN 1213-5097 $x200100000020000776 $910697646X 039T $8--Aau--Kočová, Kateřina [Tnd]. Mimořádný lidový soud v Liberci a Litoměřicích v letech 1945 - 1948. - Vyd. 1.. - Ústí nad Labem : Univerzita Jana Evangelisty Purkyně, Pedagogická fakulta, 2001. - 104 S.. - Ill.. - ISBN 80-7044-326-X $9227631994 045F $a900.94371 $eDDC23BSB 045F/01 $a900 045F/03 $g4371 045T $a7,41 lok: 39517175 78 exp: 39517175 78 1 #EPN 201B/01 $026-11-17 $t04:04:15.000 201U/01 $0utf8 203@/01 $0791478718 208@/01 $a12-11-16 $be 209A/01 $a/ $f000 $x00 220C/01 $aHerkunft: Hú Av Čr Praha 244Z/01 $#Tschechien $#Tschechische Republik $#Tschechische Republik $#Tschechenland $#Tschechei Tschechien $#Česká Republika $#Czech Republic $#ČR $74303381-7 $8--Tg1--Tschechien $x01 $9086659812 244Z/01 $2Trx $#Böhmen $#Bohemia $#Czechy $8--Trx--Čechy $x02 $9391188941 244Z/01 $2Trx $#arvustused $#recenzijos $#Reviews $#recenziók $#recenzje $#recenzie $#recenze $8--Trx--Rezensionen $x03 $9391357441 247C/01 $82080>Marburg/Lahn, Herder-Institut, Forschungsbibliothek, Bibliographieportal $9336309341
| LEADER | 00000caa a22000002c 4500 | ||
|---|---|---|---|
| 001 | 39517175X | ||
| 003 | DE-603 | ||
| 005 | 20210809174156.0 | ||
| 007 | tu | ||
| 008 | 161112s2001 xx |||| | u00||u|cze c | ||
| 035 | |a (DE-599)HEB39517175X | ||
| 040 | |a DE-603 |b ger |c DE-603 |d DE-603 | ||
| 041 | |a cze | ||
| 082 | 0 | 4 | |8 1\u |a 900.94371 |q DE-101 |2 23/BSB |
| 084 | |a 7,41 |2 ssgn | ||
| 085 | |8 1\u |b 900 | ||
| 085 | |8 1\u |z 2 |s 4371 | ||
| 100 | 1 | |a Kvaček, Robert |d 1932- |0 (DE-603)088002624 |0 (DE-588)120903393 |2 gnd | |
| 245 | 0 | 0 | |a Kočová, Kateřina. Mimořádný lidový soud v Liberci a Litoměřicích v letech 1945 - 1948. - Ústí nad Labem : Univerzita Jana Evangelisty Purkyně, Pedagogická fakulta. - 2001 [Rezension] |
| 264 | 0 | |c 2001 | |
| 773 | 0 | 8 | |i In |t Fontes Nissae |d Liberec, 2000- |x 1213-5097 |g Band 2 (2001), Seite 224-225 |w (DE-603)10697646X |w (DE-600)2087527-7 |
| 787 | 0 | 8 | |i Rezension von |a Kočová, Kateřina |t Mimořádný lidový soud v Liberci a Litoměřicích v letech 1945 - 1948 |b Vyd. 1. |d Ústí nad Labem : Univerzita Jana Evangelisty Purkyně, Pedagogická fakulta, 2001 |h 104 S., Ill. |z 807044326X |z 9788070443262 |w (DE-603)227631994 |
| 924 | 0 | |9 2080 |a (DE-603)791478718 |b DE-2080 |c HES |d d |g / | |


